LEADER 01080nam0-22003011i-450- 001 990000077920403321 005 20121129145336.0 035 $a000007792 035 $aFED01000007792 035 $a(Aleph)000007792FED01 035 $a000007792 100 $a20020821d1977----km-y0itay50------ba 101 0 $aita 105 $ay-------001yy 200 1 $aAppunti dalle lezioni di nozioni fondamentali di aerotecnica$eanno accademico 1976-77$eGruppo 3$eAerotecnica applicata alle infrastrutture$fRodolfo Monti. 210 $a$cScuola di specializzazione per le infrastrutture aeronautiche$d<1977> 215 $a90 p.$cill.$d30 cm 300 $aDispense didattiche della Scuola di specializzazione per le infrastrutture aeronautiche 610 0 $aAerotecnica 676 $a629.13 700 1$aMonti,$bRodolfo$f<1931- >$0332519 801 0$aIT$bUNINA$gRICA$2UNIMARC 901 $aBK 912 $a990000077920403321 952 $a13 X 100$b31575$fFINBC 959 $aFINBC 996 $aAppunti dalle lezioni di nozioni fondamentali di aerotecnica$9110229 997 $aUNINA LEADER 01245nas 2200421 c 450 001 9910892643803321 005 20260218110412.0 035 $a(DE-599)ZDB2673013-3 035 $a(OCoLC)1184498082 035 $a(DE-101)1024244849 035 $a(CKB)5860000000280663 035 $a(DE-599)2673013-3 035 $a(EXLCZ)995860000000280663 100 $a20120716a20109999 |y | 101 0 $ager 135 $aur||||||||||| 181 $ctxt$2rdacontent 182 $cc$2rdamedia 183 $acr$2rdacarrier 200 00$aAIT-Xia-Innovationspreis Architektur$eDokumentation der Innovationspreise von AIT und Xia im Rahmen der Messen .. 210 31$aLeinfelden-Echterdingen$cKoch$d2010- 215 $aOnline-Ressource 300 $aFru?here Jahrga?nge online nicht mehr verfu?gbar 300 $aGesehen am 26.07.2023 300 $aFortsetzung der Druck-Ausgabe 517 3 $aInnovationspreis Architektur 517 1 $aIP 517 1 $aInnovationspreis 608 $aZeitschrift$2gnd-content 676 $a690 676 $a720 801 0$b0355 801 1$bDE-101 801 2$b9999 906 $aJOURNAL 912 $a9910892643803321 996 $aAIT-Xia-Innovationspreis Architektur$94249379 997 $aUNINA